| 000 | 00801 a2200169 4500 | ||
|---|---|---|---|
| 003 | Nust | ||
| 005 | 20230308191240.0 | ||
| 040 | _cNust | ||
| 082 | _a342.42,GAR | ||
| 100 |
_aGardiner _9110035 |
||
| 245 |
_aConstitutional documents of the Puritan revolution 1625-1660 / _cGardiner |
||
| 250 | _a3rd ed. | ||
| 260 | _aLondon | ||
| 505 | _aFrom The Accession Of Charles I To The Meeting Of The Third Parliament (Page-1), From The Meeting Of The Third Parliament Of Charles I To The Meeting Of The Long Parliament (Page-65), From The Meeting Of The Long Parliament To The Outbreak Of Civil War (Page-137), From The Outbreak Of The Civil War To The Execution Of The King (Page-262), The Commonwealth And Protectorate (Page-381). | ||
| 650 |
_aPuritan revolution documents _9110036 |
||
| 942 |
_2ddc _cBK |
||
| 999 |
_c184590 _d184590 |
||